LIBRARY ONLINE CATALOGUE

Music Law (Record no. 15859)

MARC details
000 -LEADER
fixed length control field 00633nam a22001817a 4500
008 - FIXED-LENGTH DATA ELEMENTS--GENERAL INFORMATION
fixed length control field 160318b xxu||||| |||| 00| 0 eng d
020 ## - INTERNATIONAL STANDARD BOOK NUMBER
International Standard Book Number 1413317435
040 ## - CATALOGING SOURCE
Original cataloging agency KABU
Transcribing agency KABU
050 ## - LIBRARY OF CONGRESS CALL NUMBER
Classification number KF390
Item number .E57S75 2012
100 ## - MAIN ENTRY--PERSONAL NAME
Personal name Stim, Richard
245 ## - TITLE STATEMENT
Title Music Law
Remainder of title how to run your band's business
Statement of responsibility, etc. by Richard stim
250 ## - EDITION STATEMENT
Edition statement 7th ed.
260 ## - PUBLICATION, DISTRIBUTION, ETC. (IMPRINT)
Place of publication, distribution, etc. U.S.A
Name of publisher, distributor, etc. NOLO
Date of publication, distribution, etc. 2012
300 ## - PHYSICAL DESCRIPTION
Extent 551p.
650 ## - SUBJECT ADDED ENTRY--TOPICAL TERM
Topical term or geographic name as entry element Band musicians
Form subdivision Popular works
General subdivision Legal status, laws, etc.
Geographic subdivision United States
650 ## - SUBJECT ADDED ENTRY--TOPICAL TERM
Topical term or geographic name as entry element Performing arts
General subdivision law and legislation
Form subdivision Popular works
Geographic subdivision United States
942 ## - ADDED ENTRY ELEMENTS (KOHA)
Source of classification or shelving scheme Library of Congress Classification
Koha item type General Collection
Classification part KF390 .E57S75 2012 C.1
Holdings
Withdrawn status Lost status Source of classification or shelving scheme Not for loan Home library Current library Shelving location Date acquired Cost, normal purchase price Total Checkouts Total Renewals Full call number Barcode Date last seen Date last checked out Copy number Price effective from Koha item type
    Library of Congress Classification   Kabarak, Main Campus Kabarak, Main Campus General Stacks 18/03/2016 4887.00 1 1 KF390 .E57S75 C.1 33903 11/12/2023 26/10/2023 C.1 18/03/2016 General Collection